| 000 | 00835nam a2200205 i 4500 | ||
|---|---|---|---|
| 001 | 187516 | ||
| 003 | ES-MaACL | ||
| 005 | 20230906222941.0 | ||
| 008 | 171020s1906 fr |||| | fre d | ||
| 245 | 0 | 2 |
_aL'enseignement de la grammaire : conférences du Musée Pédagogique : 1906 / _cpar V. Henry, F. Brunot, H. Goelzer, L. Sudre, Ch. Maquet. |
| 260 |
_aParis : _bMusée Pedagogique, _c1906 ( _fImprimerie Nationale) |
||
| 300 |
_a184 p. ; _c19 cm. |
||
| 490 | 1 |
_aPublications du musée pédagogique. Nouvelle série ; _v10 |
|
| 650 | 4 |
_aEnseñanza secundaria- _zFrancia. _9135996 |
|
| 650 | 0 | 4 |
_aLengua francesa- _xEnseñanza. _914215 |
| 710 | 2 |
_aMusée Pédagogique (Paris) _9163741 |
|
| 830 | 0 |
_aPublications du musée pédagogique. Nouvelle série ; _v10 _9192793 |
|
| 852 |
_aES-MaACL _jF-5979(2) |
||
| 999 |
_c187516 _d187516 |
||